000 00392nam a22001577a 4500
003 OSt
005 20241028125303.0
008 241028b |||||||| |||| 00| 0 eng d
020 _a9780070605022
040 _c
082 _23
_a512.5
_bLIP
245 _aLinear algebra:Schaums outlines
_cLipschutz,seymour
250 _a3
260 _bMcgraw Hill
_c2001
942 _2ddc
_cBK
_e3
_k512.5
_mLIP
_n0
999 _c36102
_d36102